| 000 | 00650nam a2200193 a 4500 | ||
|---|---|---|---|
| 008 | 101104s2010 ||||||||||||||||| || u | ||
| 020 | _a9780135105856 | ||
| 050 | _aTK 454 Flo | ||
| 100 | _aFloyd, Thomas L | ||
| 245 | 1 | 0 | _aElectric circuits fundamentals. (8th ed.) |
| 250 | _a8th ed. | ||
| 260 |
_aNew Jersey: _bPearson Education, Inc _c2010 |
||
| 300 | _axv, 752p.: ill. | ||
| 350 | _a0.00 | ||
| 650 | _aELECTRICITY | ||
| 650 | 0 | _aELECTRIC CIRCUITS | |
| 700 | _aBuchla, David M | ||
| 995 |
_D0.00 _FCBU-MAIN LIBRARY (Kitwe) _H1 _I0.00 _M1 _UDAMAGED _WNov 18, 2010 _ZMain Library Open Access Collection |
||
| 999 |
_c41421 _d41421 |
||